000
00260nam a22001217a 4500
008
181030b xxu||||| |||| 00| 0 eng d
041
_a
eng
080
_a
910
100
_a
45
101
_a
ART
245
_a
The Story Of Design
_c
Marion.D
942
_2
udc
_c
BK
999
_c
51088
_d
51088